Arrêts de la ligne 12 de Lyon (TCL) - Statistiques

Statistiques générales
  • Ce quiz a été pris 11 fois
  • Le résultat moyen est 17 sur 40
Statistiques - réponses
Arrondissement Arrêt % Correct
Oullins Pont d'Oullins
100%
Oullins Gare d'Oullins
88%
Saint-Genis-Laval Saint-Genis 2
88%
Chaponost Chaponost Gare
75%
Chaponost Chaponost Mairie
75%
Chaponost Paul Doumer
63%
Saint-Genis-Laval Saint-Genis-Laval Hôpital Lyon Sud
63%
Oullins Aqueducs de Beaunant
50%
Brignais Brignais - Gare
50%
Brignais Briscope
50%
Chaponost Chaponost Le Devais
50%
Oullins La Bussière
50%
Saint-Genis-Laval Pennachy
50%
Saint-Genis-Laval Petit Perron
50%
Oullins Pont Blanc
50%
Oullins Pont Rouge
50%
Brignais Sacuny SPA
50%
Chaponost Anatoile Celle
38%
Saint-Genis-Laval Barolles Centre
38%
Saint-Genis-Laval Bel Air Citadelle
38%
Chaponost Centre Social
38%
Chaponost Chaponost Les Vergers
38%
Saint-Genis-Laval Citadelle
38%
Brignais École Jacques Cartier
38%
Chaponost Ferroussat
38%
Oullins La Levée
38%
Oullins Les Bottières
38%
Brignais Montibert - Aquagaron
38%
Saint-Genis-Laval Bernicot
25%
Saint-Genis-Laval Cerisiers - Citadelle
25%
Saint-Genis-Laval Guilloux
25%
Chaponost La Chaize
25%
Chaponost La Source
25%
Chaponost Le Gilbertin
25%
Chaponost Maison des Jeunes
25%
Chaponost Misery
25%
Saint-Genis-Laval Saint-Genis Collonges
25%
Chaponost Chaponost Bellevue
13%
Chaponost La Bonnette
13%
Chaponost Les Amandiers
13%
Aucun quiz correspondant
Distribution des résultats
% des personnes avec chaque résultat
Percentile par nombre de réponses
Votre historique - résultats
Vous n’avez pas pris ce quiz